LEADER 01415nam a2200313 i 4500 001 000000186742 003 CaOOAMICUS 005 20100304000000.0 008 100304s2010 it u000 u ita u 013 $a164797 020 $a978-88-10-51081-0 040 $aSeMil$bita 100 1 $aWolf, Notker .$0(OLS)http://semarc/name/53208 240 14$aDie Kunst, Menschen zu führen.$0(OLS)http://semarc/title/268536 245 12$aL'arte di dirigere le persone /$cNotker Wolf, Enrica Rosanna ; con Leo G. Linder. 260 $aBologna :$bEDB,$c2010. 300 $a203 p. ;$c22 cm. 490 0 $aItinerari : collana di spiritualitą : dottrina, esperienze, testimonianze 650 4$aEducazione.$0(OLS)http://semarc/subject/204 650 4$aAziende - Personale - Relazioni interpersonali - Gestione.$0(OLS)http://semarc/subject/18155 700 1 $aLinder, Leo G.$0(OLS)http://semarc/name/68553 700 1 $aRosanna, Enrica .$0(OLS)http://semarc/name/25455 830 0$aItinerari.$0(OLS)http://semarc/title/10409 850 $aSeMil 852 $aSeMil$W1$xVenegono$y1$m3F III 443$j137429$B137429$CSeMilBibl$Z2$F150286 $81 961 $aAcquisto: Cittą Nuova (Agente) 996 $6020$a978-88-10-51081-0$9(OLS)http://semarc/number/177051 996 $6245$aL'arte di dirigere le persone$9(OLS)http://semarc/title/268535 996 $6260$aBologna :$bEDB$9(OLS)http://semarc/publisher/29669 LEADER 01139nam a2200241 i 4500 001 000000232448 003 CaOOAMICUS 005 20140828000000.0 008 140828s1986 it u000 u ita u 013 $a211351 020 $a88-01-11670-5 040 $aSeMil$bita 245 10$aDalla comunione alla missione :$bcontenuto e metodo dell'annuncio paolino /$cpresentazione del Card. Silvano Piovanelli. 300 $a176 p. 490 0 $aCommenti al Nuovo Testamento 700 1 $aMarconcini, Benito,$c.$0(OLS)http://semarc/name/13653 700 1 $aPiovanelli, Silvano,$c.$0(OLS)http://semarc/name/26005 773 0 $aMarconcini, Benito $tAtti degli apostoli.$dLeumann (Torino) : Elle Di Ci, 1983.$gVolume2$w()30422 830 0$aCommenti al Nuovo Testamento.$0(OLS)http://semarc/title/6658 850 $aSeMil 852 $aSeMil$W1$xVenegono$y1$m2V II 370$j270028$B182794$CSeMilBibl$Z2$F193816 $81 996 $6020$a88-01-11670-5$9(OLS)http://semarc/number/236031 996 $6245$aDalla comunione alla missione :$bcontenuto e metodo dell'annuncio paolino$9(OLS)http://semarc/title/331693